| 000 | 01573cam a22003497i 4500 | ||
|---|---|---|---|
| 001 | 1499 | ||
| 005 | 20250710114851.0 | ||
| 020 | _a9780545481885 | ||
| 020 | _a0545481880 | ||
| 040 |
_aYDXCP _beng _cYDXCP _erda _dBTCTA _dOCLCQ _dM$K _dMLY _dOCLCO _dCXP _dNYP _dOCLCQ _dOCLCF _dOCLCA _dAUMCS _dDLC |
||
| 050 | 0 | 0 |
_aPZ7 _b.T3385 2013 |
| 082 | 0 | 4 | _a[Fic] |
| 100 | _aDami, Elisabetta | ||
| 245 | 1 | 0 |
_aThea Stilton and the Legend of the Fire Flowers / _ctext by Thea Stilton ; illustrations by Sabrina Ariganello [and seven others] ; translated by Emily Clement. |
| 246 | 1 |
_iAt head of title: _aGeronimo Stilton |
|
| 250 | _aFirst printing, June 2013 | ||
| 260 |
_aNew York : _bScholastic, _c2011 |
||
| 300 |
_a157 pages : _bcolor illustratons ; _c20 cm |
||
| 500 | _aOriginal title: La leggenda dei fiori di fuoco. | ||
| 500 | _a"Appeals to 2nd-4th graders"--Page 4 of cover. | ||
| 505 | _aM | ||
| 520 | _aThe Thea Sisters are in Hawaii to compete in an international hula festival. The mouselets are having a great time -- until they learn that the festival is located on the side of a volcano that is about to erupt! No one else seems know about the danger. The Thea Sisters don't have any time to lose. | ||
| 521 | 0 |
_a710 _bLexile |
|
| 521 | 0 |
_aM
_bRaz-Plus |
|
| 650 | 0 |
_aStilton, Thea _vJuvenile fiction. |
|
| 650 | 0 |
_aMice _vJuvenile fiction. |
|
| 650 | 0 |
_aHula (Dance) _vFiction. |
|
| 700 | 1 |
_aAriganello, Sabrina, _eillustrator. |
|
| 700 | 1 |
_aClement, Emily _c(Translator), _etranslator. |
|
| 906 |
_a7 _bcbc _ccopycat _d2 _encip _f20 _gy-gencatlg |
||
| 942 |
_2ddc _cBK _n0 |
||
| 999 |
_c1499 _d1499 |
||